000 00836nam a22002777a 4500
001 BR2011004755
003 BR-BrBNA
005 20230928103742.0
007 ta
008 230509b bl.||||| |||| 00| 0 por d
040 _aBR-BrBNA
_bpor
_cBiblioteca Nacional de Agricultura
041 _a(Por)
072 _aP01
090 _ P01 BR2011004755
110 1 _aEmpresa Brasileira de Pesquisa Agropecuária, Brasília, DF (Brasil)
245 1 _aProjeto biomas: proteção e uso sutentável de paisagens dos biomas brasileiros
_bCaderno CNA
260 3 _aBrasília, DF (Brasil):
_c2009.
300 _a30 p.
500 _a19 illus.; 2 tables
650 _aPROTEÇÃO AMBIENTAL
650 _aBIODIVERSIDADE
650 _aVEGETAÇÃO
650 _aPLANEJAMENTO FLORESTAL
909 _a202309
_bLucia
_c55
_dLucia Elande
942 _cBK
999 _c76461
_d76461